000 01300nam a22003737a 4500
003 CHAP
005 20220329141012.0
008 971013s1996 r 00010 d
010 _a61119
011 _a62091
035 _a66265
040 _cCHAP
090 _aTesis
100 0 0 _aNúñez Juárez, Humberto.
_981949
245 _aProceso de aculturación de los indígenas Zoques (el caso de Ostuacán, Chiapas)
260 _aChapingo, Méx. :
_bEl autor,
_c1996
300 _a162 h.
_b; mapas ; anexos
502 _aTesis (Ing. Agr. Esp. en Sociología Rural) -- UACH. Departamento de Sociología Rural
590 _aALEPH
_b10
_c20130110
_lUCH01
_h1340
590 _aBATCH-UPD
_b10
_c20130110
_lUCH01
_h0220
590 _aBATCH-UPD
_b10
_c20130110
_lUCH01
_h0944
590 _aBATCH-UPD
_b10
_c20130409
_lUCH01
_h2240
590 _aBATCH-UPD
_b10
_c20130410
_lUCH01
_h1518
590 _aBATCH-UPD
_b10
_c20130913
_lUCH01
_h1925
590 _aCONVERSION
_b10
_c20130109
_lUCH01
_h1333
650 1 4 _aAculturación.
_9798
650 1 4 _aIndios de Chiapas.
_957593
650 1 4 _aZoques.
_9124198
700 0 _aRamírez Ramírez, José Luis.
_994205
901 _aBK
942 _cFOLL
949 _bBC
_cTES
_d-151438
_eTS1
_h29308
_i66265
_si
949 _bBC
_cTES
_d33724000620761
_eTS2
_fc.2
_h29309
_i66265
_si
999 _c61119
_d61119